000 00879nam a2200193Ia 4500
008 151119s9999||||xx |||||||||||||| ||und||
082 _a892.3
082 _bGKKV16139
100 _aचिपळूणकर विष्णुशास्त्री
245 _aअरबी भाषेतील सुरस व चमत्कारिक गोष्टी भाग ६
260 _a--
260 _b--
260 _c1999
600 _aचिपळूणकर विष्णुशास्त्री
630 _aअरबी भाषेतील सुरस व चमत्कारिक गोष्टी भाग ६
700 _aचिपळूणकर विष्णुशास्त्री
730 _aअरबी भाषेतील सुरस व चमत्कारिक गोष्टी भाग ६
942 _cBOOK
999 _c1069429
_d1069426